000 00871cam a2200289 i 4500
001 18014573
005 20180216082917.0
008 140121s2015 ctua 001 0 eng c
010 _a 2014931294
016 7 _a101635801
_2DNLM
020 _a9781133278955
020 _a1133278957
035 _a(OCoLC)ocn880368565
040 _aNLM
_beng
_cNLM
_erda
_dYDXCP
_dDLC
041 _aeng
042 _apcc
060 0 0 _a2014 H-308
060 1 0 _aW 18.2
080 _a610.285 bus
082 0 0 _a610.285 bus
_223
100 1 _a4
101 _ashm
245 1 4 _aThe paperless medical office :
_cVirginia Busey Ferrari, Michelle E. Heller.
906 _a7
_bcbc
_cpccadap
_d2
_encip
_f20
_gy-gencatlg
942 _2ddc
_cBK
999 _c42837
_d42837